| 000 | 00749nam a22001935i 4500 | ||
|---|---|---|---|
| 001 | 166984 | ||
| 003 | ES-MaACL | ||
| 005 | 20250805062615.0 | ||
| 008 | 990726s1900 sp |||| | spa d | ||
| 040 |
_aCCPB | B _bspa _cCCPB | B |
||
| 100 | 1 |
_aValverde y Valverde, Calixto. _9113024 |
|
| 245 | 1 | 0 |
_aEnsayo sobre el concepto de la sociología / _cpor Calixto Valverde y Valverde. |
| 260 |
_aValladolid : _bImp. y Lib. de J. Manuel de la Cuesta, _c1900. |
||
| 300 |
_a49 p. ; _c24 cm. |
||
| 500 | _aEn la cubierta: Publicado en la "Revista Jurídica Enciclopédica" | ||
| 650 | 7 |
_aSociología _2embne _917195 |
|
| 852 |
_aES-MaACL _jT-985-F-11 _z-- Enc. hol. conservando la cub. original _z-- Enc. en un vol. facticio |
||
| 999 |
_c166984 _d166984 |
||